000 00538nam a2200181Ia 4500
999 _c28613
_d28613
003 OSt
005 20201231111344.0
008 190216s9999||||xx |||||||||||||| ||und||
020 _a9788124015520
040 _coclc
082 _a894.812301
_bANC/A
100 _aAnchampeedika, Valsan
_98011
245 0 _aAswabhavikamaya Chila Kazhchakal /
_cValsan Anchampeedika
260 _bCurrent Books,
_aKottayam:
_c2005.
300 _a68p
650 _aKathakal
942 _cBK
_2ddc
_h894.812301
_iANC/A
_k894.812301
_mANC/A